Memorias
Сохранить в:
| Главный автор: | |
|---|---|
| Другие авторы: | , , |
| Формат: | |
| Язык: | испанский |
| Опубликовано: |
Mérida, México
Novartis
1998
|
| Предметы: | |
| Метки: |
Добавить метку
Нет меток, Требуется 1-ая метка записи!
|
MARC
| LEADER | 00000nam a2200000 a 4500 | ||
|---|---|---|---|
| 001 | UCQ5020 | ||
| 003 | CL-VaPUC | ||
| 005 | 20250421164339.0 | ||
| 008 | 980921e19980000mx 1 spa d | ||
| 999 | |c 383260 |d 383258 | ||
| 040 | |c Pontificia Universidad Católica de Valparaíso | ||
| 082 | 0 | 4 | |a 638.1 POM 1998 |2 21 |
| 100 | 1 | |a Pompa Fernández, Javier |9 619115 | |
| 245 | 1 | 0 | |a Memorias |
| 260 | 0 | 3 | |a Mérida, México |b Novartis |c 1998 |
| 300 | |a paginación irregular | ||
| 518 | |p Congreso iberolatinoamericano de apicultura | ||
| 518 | |p Seminario americano de apicultura, 6 y 12, Merida, 17 al 21 de agosto de 1998 | ||
| 546 | |a En Español | ||
| 583 | |a last modification |c 19980921 00:00:00 |k Rodrigo Vera | ||
| 650 | 0 | 0 | |a Apicultura |9 264400 |
| 650 | 0 | 7 | |a MIEL |2 CL-VaPUC |9 406240 |
| 650 | 0 | 0 | |a Comercialización |9 259326 |
| 650 | 0 | 0 | |a Control de plagas |9 327373 |
| 650 | 0 | 0 | |a Genética |9 259443 |
| 650 | 0 | 0 | |a Polinización |9 259680 |
| 650 | 0 | 0 | |a Nutrición |9 259434 |
| 650 | 0 | 0 | |a Producción |9 263680 |
| 650 | 0 | 0 | |a Abejas (Apoidea) |9 269522 |
| 650 | 0 | 0 | |a Congresos |9 257560 |
| 700 | 1 | |a Lastra Marin, Ignacio de J |9 619116 | |
| 700 | 1 | |a Peniche Patron, Noe |9 619117 | |
| 700 | 1 | |a Berlin Montero, Carlos |9 619118 | |
| 942 | |c BK |2 ddc | ||
| 945 | |a mvenant |d 19980921 00:00:00 | ||
| 952 | |0 0 |1 1 |2 ddc |4 0 |6 638_100000000000000_POM_1998 |7 0 |8 A |9 505323 |a BIBAGR |b BIBAGR |d 2020-01-23 |i 3463796 |o 638.1 POM 1998 |p 3463796 |r 2020-01-23 |t 1 |w 2020-01-23 |y BK |k AGR | ||